[Event "Aix en Provence Dole op 2nd"]
[Site "Aix en Provence"]
[Date "2024.07.23"]
[Round "4"]
[White "Gorshtein, Ido"]
[Black "Yuffa, Daniil"]
[Result "1/2-1/2"]
[WhiteElo "2563"]
[BlackElo "2609"]
[PlyCount "93"]
[EventDate "2024.07.20"]
[EventType "swiss"]
[EventRounds "9"]
[EventCountry "FRA"]
[SourceTitle "CBM 221 Extra"]
[Source "ChessBase"]
[SourceDate "2024.09.30"]
[SourceVersion "1"]
[SourceVersionDate "2024.09.30"]
[SourceQuality "1"]

1. c4 e5 2. g3 Nf6 3. Bg2 Bc5 4. d3 0-0 5. Nf3 d6 6. 0-0 c6 7. Nc3 a5 8. d4 exd4 9. Nxd4 a4 10. e3 a3 11. b3 Re8 12. Na4 Na6 13. Nxc5 dxc5 14. Nc2 Bf5 15. Nxa3 Qe7 16. Bb2 Nb4 17. Qc1 Red8 18. Rd1 Ne4 19. f3 Rxd1+ 20. Qxd1 Rd8 21. Qf1 Nxg3 22. hxg3 Qxe3+ 23. Kh1 Nd3 24. Bc1 Qd4 25. Bg5 f6 26. Bf4 Ra8 27. Nc2 Nf2+ 28. Kh2 Bxc2 29. Qc1 Bg6 30. Be3 Nd3 31. Bxd4 Nxc1 32. Bxf6 gxf6 33. Rxc1 Rxa2 34. Rd1 b5 35. Rd6 b4 36. Rxf6 Bc2 37. Rxc6 Bxb3 38. Rxc5 Bc2 39. Rb5 b3 40. c5 b2 41. Rb8+ Kg7 42. c6 b1Q 43. c7 Bb3 44. c8Q Rxg2+ 45. Kxg2 Qa2+ 46. Kg1 Qa1+ 47. Kg2 1/2-1/2

[Event "Benasque op 43rd"]
[Site "Benasque"]
[Date "2024.07.13"]
[Round "9"]
[White "Yuffa, Daniil"]
[Black "Kanov, Nikola"]
[Result "1-0"]
[WhiteElo "2609"]
[BlackElo "2409"]
[PlyCount "63"]
[EventDate "2024.07.05"]
[EventType "swiss"]
[EventRounds "10"]
[EventCountry "ESP"]
[SourceTitle "CBM 221 Extra"]
[Source "ChessBase"]
[SourceDate "2024.09.30"]
[SourceVersion "1"]
[SourceVersionDate "2024.09.30"]
[SourceQuality "1"]

1. Nf3 c5 2. e4 e6 3. d4 cxd4 4. Nxd4 Nc6 5. Nc3 Qc7 6. Be3 a6 7. g4 h6 8. Rg1 Nf6 9. a3 b5 10. Nxc6 dxc6 11. Qf3 e5 12. g5 hxg5 13. Rxg5 Be6 14. 0-0-0 Nd7 15. Qg3 0-0-0 16. Nd5 Qb7 17. Bg2 f6 18. Rxg7 cxd5 19. exd5 Bf5 20. d6 Be4 21. Bxe4 Qxe4 22. Rf7 Qc4 23. Qg6 Kb8 24. Kb1 Qe6 25. f4 Rxh2 26. fxe5 Qxe5 27. Qg4 Qh5 28. Qd4 Nc5 29. Rxf8 Rxf8 30. d7 Rd8 31. Qd6+ Kb7 32. Bxc5 1-0

[Event "Benasque op 43rd"]
[Site "Benasque"]
[Date "2024.07.11"]
[Round "7"]
[White "Yuffa, Daniil"]
[Black "Blanco Diez, David"]
[Result "1-0"]
[WhiteElo "2609"]
[BlackElo "2308"]
[PlyCount "57"]
[EventDate "2024.07.05"]
[EventType "swiss"]
[EventRounds "10"]
[EventCountry "ESP"]
[SourceTitle "CBM 221 Extra"]
[Source "ChessBase"]
[SourceDate "2024.09.30"]
[SourceVersion "1"]
[SourceVersionDate "2024.09.30"]
[SourceQuality "1"]

1. d4 d5 2. c4 e6 3. Nc3 Nf6 4. cxd5 exd5 5. Bg5 Bb4 6. e3 h6 7. Bh4 g5 8. Bg3 Ne4 9. Nge2 h5 10. h3 Qf6 11. a3 Bxc3+ 12. Nxc3 Nxg3 13. fxg3 c6 14. e4 dxe4 15. Bc4 Be6 16. Nxe4 Qe7 17. Bxe6 fxe6 18. 0-0 Nd7 19. Qb3 Nb6 20. Nf6+ Kd8 21. Rae1 Nd5 22. Nxd5 cxd5 23. Rf5 Qd7 24. Rxg5 Rc8 25. Rge5 Rc6 26. Qe3 h4 27. gxh4 Rxh4 28. Qg5+ Qe7 29. Rxd5+ 1-0

[Event "Benasque op 43rd"]
[Site "Benasque"]
[Date "2024.07.10"]
[Round "6"]
[White "Yuffa, Daniil"]
[Black "Karthik, Rajaa"]
[Result "1/2-1/2"]
[WhiteElo "2609"]
[BlackElo "2382"]
[PlyCount "98"]
[EventDate "2024.07.05"]
[EventType "swiss"]
[EventRounds "10"]
[EventCountry "ESP"]
[SourceTitle "CBM 221 Extra"]
[Source "ChessBase"]
[SourceDate "2024.09.30"]
[SourceVersion "1"]
[SourceVersionDate "2024.09.30"]
[SourceQuality "1"]

1. c4 c5 2. Nf3 Nc6 3. Nc3 Nf6 4. d4 cxd4 5. Nxd4 e6 6. g3 Qb6 7. Ndb5 Ne5 8. Bg2 a6 9. Na4 Qd8 10. Nd6+ Bxd6 11. Qxd6 Nxc4 12. Qc5 d5 13. b3 Bd7 14. bxc4 Bxa4 15. cxd5 Nxd5 16. 0-0 b5 17. Qc6+ Kf8 18. Ba3+ Kg8 19. Rac1 h5 20. e4 Nf6 21. Be7 Qe8 22. e5 Nd5 23. Bxd5 exd5 24. Qxd5 Ra7 25. Bd6 h4 26. Rc6 b4 27. Rb6 Ra8 28. Rc1 Bd7 29. Rc7 Be6 30. Qf3 Rd8 31. Rxb4 hxg3 32. fxg3 a5 33. Rbb7 Qa4 34. Rxf7 Qd4+ 35. Qf2 Qd1+ 36. Qf1 Qd4+ 37. Qf2 Qd1+ 38. Qf1 Qd4+ 39. Rf2 Bd5 40. Re7 Qe3 41. Qc1 Qxg3+ 42. Kf1 Qd3+ 43. Ke1 Qe4+ 44. Re2 Qh4+ 45. Rf2 Qe4+ 46. Kd2 Qg4 47. Kc2 Qe4+ 48. Kd1 Qa4+ 49. Ke1 Qe4+ 1/2-1/2

[Event "Benasque op 43rd"]
[Site "Benasque"]
[Date "2024.07.08"]
[Round "4"]
[White "Yuffa, Daniil"]
[Black "Fernandez Guillen, Ernesto J"]
[Result "0-1"]
[WhiteElo "2609"]
[BlackElo "2445"]
[PlyCount "112"]
[EventDate "2024.07.05"]
[EventType "swiss"]
[EventRounds "10"]
[EventCountry "ESP"]
[SourceTitle "CBM 221 Extra"]
[Source "ChessBase"]
[SourceDate "2024.09.30"]
[SourceVersion "1"]
[SourceVersionDate "2024.09.30"]
[SourceQuality "1"]

1. d4 Nf6 2. c4 e6 3. g3 d5 4. Bg2 Be7 5. Nf3 0-0 6. 0-0 c5 7. cxd5 Nxd5 8. Nc3 Nxc3 9. bxc3 Nc6 10. e4 b6 11. d5 Na5 12. Qc2 exd5 13. exd5 Bd6 14. Re1 Qf6 15. Bg5 Qf5 16. Re4 Qg6 17. Bd2 Bf5 18. Nh4 Bxe4 19. Bxe4 Qf6 20. Bxh7+ Kh8 21. Bd3 c4 22. Be4 Bc5 23. Nf3 Rae8 24. Bg5 Qd6 25. Bf4 Qe7 26. Ng5 Bd6 27. Be3 Bc5 28. d6 Qxd6 29. Rd1 Qe7 30. Bc6 g6 31. Bxe8 Bxe3 32. Nxf7+ Kg7 33. Rd7 Qxe8 34. Ne5+ Kg8 35. fxe3 Rf5 36. Nxg6 Qxg6 37. Qd2 Nc6 38. e4 Rc5 39. Qf4 Re5 40. Rc7 Re8 41. Qd2 Ne5 42. Qd5+ Kh8 43. Rxa7 Qg5 44. Qb7 Qc1+ 45. Kg2 Qd2+ 46. Kh3 Qh6+ 47. Kg2 Ng4 48. h4 Qd2+ 49. Kh3 Nf2+ 50. Kg2 Nxe4+ 51. Kh3 Nf2+ 52. Kg2 Nd3+ 53. Kh3 Nf4+ 54. Kg4 Qe2+ 55. Kxf4 Rf8+ 56. Kg5 Qe5+ 0-1

[Event "French Blitz op"]
[Site "Saint Maur des Fosses"]
[Date "2024.06.16"]
[Round "5"]
[White "Mathieu, Phileas"]
[Black "Yuffa, Daniil"]
[Result "1-0"]
[WhiteElo "2295"]
[BlackElo "2609"]
[PlyCount "112"]
[EventDate "2024.06.16"]
[EventType "swiss (blitz)"]
[EventRounds "13"]
[EventCountry "FRA"]
[SourceTitle "CBM 220 Extra"]
[Source "ChessBase"]
[SourceDate "2024.07.31"]
[SourceVersion "1"]
[SourceVersionDate "2024.07.31"]
[SourceQuality "1"]

1. a3 e5 2. c4 f5 3. d4 d6 4. Nc3 Nf6 5. Nf3 e4 6. Ng1 c5 7. dxc5 dxc5 8. Qxd8+ Kxd8 9. Bf4 Be6 10. e3 a6 11. Nh3 Nc6 12. 0-0-0+ Ke8 13. Nd5 Bxd5 14. cxd5 Na5 15. Ng5 b5 16. Ne6 Kd7 17. Be2 Nb3+ 18. Kc2 c4 19. h3 h5 20. Be5 Nc5 21. Nxc5+ Bxc5 22. g4 hxg4 23. hxg4 Nxg4 24. Bxg4 fxg4 25. Bxg7 Rxh1 26. Rxh1 Kd6 27. Rh5 g3 28. Be5+ Kxd5 29. Bxg3+ Kc6 30. Rh6+ Kd5 31. Rh5+ Kc6 32. Re5 a5 33. Re6+ Kd5 34. Re5+ Kc6 35. Rxe4 a4 36. Re6+ Kd5 37. Re5+ Kc6 38. Rf5 Rd8 39. e4 Rd3 40. Rf6+ Kb7 41. Rf7+ Kc6 42. Rf6+ Kb7 43. Be5 Rh3 44. Bg3 Rh5 45. e5 Bd4 46. Rd6 Bb6 47. Rd5 Kc6 48. Rd6+ Kb7 49. Rd2 Bc7 50. Re2 Rh8 51. e6 Bxg3 52. fxg3 Kc8 53. e7 Re8 54. Kc3 Kd7 55. Kb4 Kc6 56. g4 Kd5 1-0

[Event "French Blitz op"]
[Site "Saint Maur des Fosses"]
[Date "2024.06.16"]
[Round "3"]
[White "Nicot, Valentin"]
[Black "Yuffa, Daniil"]
[Result "0-1"]
[WhiteElo "2032"]
[BlackElo "2609"]
[PlyCount "62"]
[EventDate "2024.06.16"]
[EventType "swiss (blitz)"]
[EventRounds "13"]
[EventCountry "FRA"]
[SourceTitle "CBM 220 Extra"]
[Source "ChessBase"]
[SourceDate "2024.07.31"]
[SourceVersion "1"]
[SourceVersionDate "2024.07.31"]
[SourceQuality "1"]

1. c4 g6 2. Nc3 Bg7 3. Nf3 c5 4. g3 Nc6 5. Bg2 d6 6. 0-0 Bf5 7. d3 Qd7 8. Rb1 Bh3 9. a3 h5 10. Nd5 Bxg2 11. Kxg2 e6 12. Nf4 h4 13. gxh4 Nge7 14. Kh1 Ne5 15. Nxe5 Bxe5 16. Ng2 Nf5 17. f4 Bf6 18. e4 Nxh4 19. Nxh4 Rxh4 20. b4 0-0-0 21. bxc5 Rdh8 22. Rf2 Bd4 23. Rg2 dxc5 24. Bb2 f5 25. Bxd4 Qxd4 26. Qb3 b6 27. Qb5 Kb7 28. Qb3 fxe4 29. dxe4 Qxe4 30. Rbb2 Rxh2+ 31. Kg1 Qe1# 0-1